Priamy prístup do pamäte cez sieťové rozhranie

Salvato in:
Dettagli Bibliografici
Autore principale: Šranko, Kristián (Autore)
Altri autori: Balogh, Štefan (Relatore della tesi)
Natura: Manoscritto Libro
Lingua:slovacco
Pubblicazione: 2015
Soggetti:
Accesso online:http://is.stuba.sk/zp/portal_zp.pl?podrobnosti=97839
Tags: Aggiungi Tag
Nessun Tag, puoi essere il primo ad aggiungerne!!

MARC

LEADER 00000ntm a22000003a 4500
001 stuzp49466
003 SK-STU
005 20160719153302.7
007 ta
008 150427s2015----xo-----f-mn---000-0-slo-d
040 |a STU  |b slo 
041 0 |a slo 
100 1 |a Šranko, Kristián  |u 035000  |4 aut  |U FEI Fakulta elektrotechniky a informatiky  |T FEI Ústav informatiky a matematiky  |X 5835  |U E050  |Y 816  |7 5835 
242 0 1 |a Direct memory access through network interface  |y eng 
245 1 0 |a Priamy prístup do pamäte cez sieťové rozhranie 
260 |c 2015 
300 |a 31 s., príl.  |b DVD 
650 4 |a priamy prístup  |2 slo 
650 4 |a NDIS  |2 slo 
650 4 |a obraz pamäte  |2 slo 
650 4 |a vzdialený prístup  |2 slo 
650 4 |a pamäť  |2 slo 
650 4 |a remote  |2 eng 
650 4 |a direct memory access  |2 eng 
650 4 |a NDIS  |2 eng 
650 4 |a memory image  |2 eng 
700 1 |a Balogh, Štefan  |4 ths  |X 30190  |7 A000030190 
856 4 |u http://is.stuba.sk/zp/portal_zp.pl?podrobnosti=97839 
996 |b 284ER01889  |c E*Bc- 1889  |l EE35  |s P  |a 0  |w stuzp49466_0001 
SQL |a stuzp49466  |b DBP  |c SLO  |d Priamy prístup do pamäte cez sieťové rozhranie  |e 5835  |f Šranko, Kristián  |g 035000  |h 30190  |i Balogh, Štefan  |j 20150706  |k 73  |l 03  |m http://is.stuba.sk/zp/portal_zp.pl?podrobnosti=97839  |n B-API  |o 9.2.9. aplikovaná informatika